| 000 | 00631nam a2200145Ia 4500 | ||
|---|---|---|---|
| 008 | 100122s9999 xx 000 0 und d | ||
| 082 |
_b10503 _aNill |
||
| 100 | _aमिराशी वा वि | ||
| 245 | _aमेघदूतांतील रामगिरी अर्थात रामटेक | ||
| 260 |
_bविदर्भ संशोधन मंडळ _c1958 |
||
| 300 | _a114 | ||
| 630 | _aमेघदूतांतील रामगिरी अर्थात रामटेक | ||
| 730 | _aमेघदूतांतील रामगिरी अर्थात रामटेक | ||
| 942 | _cBOOK | ||
| 999 |
_c383115 _d383112 |
||